eurovision+junior eurovision - Statistics

General Stats
  • This quiz has been taken 22 times
  • The average score is 30 of 33
Answer Stats
Number win Country % Correct
1 Estonia
100%
9 France
100%
4 Georgia
100%
7 Ireland
100%
4 Italy
100%
1 Latvia
100%
6 Netherlands
100%
2 Poland
100%
1 Portugal
100%
3 Russia
100%
7 Sweden
100%
4 Ukraine
100%
5 United Kingdom
100%
2 Armenia
94%
1 Belgium
94%
3 Denmark
94%
2 Germany
94%
4 Israel
94%
3 Norway
94%
1 Serbia
94%
3 Spain
94%
3 Austria
88%
1 Azerbaijan
88%
2 Belarus
88%
1 Finland
88%
1 Greece
88%
2 Malta
88%
1 Monaco
88%
3 Switzerland
88%
1 Croatia
81%
1 Turkey
81%
1 Yugoslavia
75%
5 Luksembourg
25%
No matching quizzes found
Score Distribution
Percent of People with Each Score
Percentile by Number Answered
Your Score History
You have not taken this quiz